00345nam a22001337a 450000500170000000800410001702000180005804000090007608200200008510000170010524500450012226000300016730000140019720240201112532.0240201b sa ||||| |||| 00| 0 eng d a9780409047158 c3228 aR 347.6805 HURT aFaris Hurter aThe student handbook for civil procedure aDurbanbLexis Nexisc2010 a241 Pages